An empirical study of Malaysian firms' capital struture [sic] /
محفوظ في:
| المؤلف الرئيسي: | |
|---|---|
| التنسيق: | أطروحة |
| اللغة: | English |
| منشور في: |
Plymouth :
Department of Business and Management, Plymouth Business School,
2003
|
| الموضوعات: | |
| الوسوم: |
إضافة وسم
لا توجد وسوم, كن أول من يضع وسما على هذه التسجيلة!
|
| LEADER | 015200000a22003490004500 | ||
|---|---|---|---|
| 001 | 294243 | ||
| 005 | 20230420134001.0 | ||
| 008 | 050628s2003 enkad g 000 0 eng d | ||
| 035 | |a (Sirsi) 294243 | ||
| 040 | |a UIAM |b eng |e rda | ||
| 043 | |a a-my--- | ||
| 050 | 0 | 0 | |a HG5750.6.A3 |
| 100 | 1 | |a Sharifah Raihan Syed Mohd Zain, |e author |9 122619 | |
| 245 | 1 | 2 | |a An empirical study of Malaysian firms' capital struture [sic] / |c Sharifah Raihan Syed Mohd Zain |
| 246 | 3 | 3 | |a An empirical study of Malaysian firms' capital structure |
| 264 | 1 | |a Plymouth : |b Department of Business and Management, Plymouth Business School, |c 2003 | |
| 300 | |a xvi, 339 pages : |b illustrations ; |c 30 cm. | ||
| 336 | |2 rdacontent |a text | ||
| 337 | |2 rdamedia |a unmediated | ||
| 338 | |2 rdacarrier |a volume | ||
| 502 | |a "A thesis submitted to University of Plymouth in partial fulfilment for the degree of Doctor of Philosophy in Accounting and Finance."--On title page. | ||
| 502 | |a Thesis (Ph.D.)--University of Plymouth, 2003 | ||
| 504 | |a Includes bibliographical (leaves 326-339). | ||
| 650 | 0 | |a Corporations |x Finance |z Malaysia |9 59831 | |
| 650 | 0 | |a Capital market |z Malaysia |9 112294 | |
| 650 | 0 | |a Capital investment |z Malaysia |9 59833 | |
| 650 | 0 | |a Money market |z Malaysia |9 87838 | |
| 655 | 0 | 7 | |a Theses, IIUM foreign |
| 900 | |a yab | ||
| 942 | |2 lcc |n 0 | ||
| 999 | |c 432145 |d 464132 | ||
| 952 | |0 0 |6 T HG 005750.6 A3 S531E 2003 |7 0 |8 THESES |9 754859 |a IIUM |b IIUM |c MULTIMEDIA |g 0.00 |o t HG 5750.6 A3 S531E 2003 |p 00000904093 |r 2017-10-19 |t 1 |v 0.00 |y THESIS | ||
